Estatísticas para Togo

Clique aqui para jogar o quiz

Estatísticas Gerais

  • Esse quiz foi jogado 8 vezes
  • A pontuação média é 6 de 14

Estatísticas das Respostas

HintResposta% Correto
Onde fica?África
86%
De que país é independente?França
86%
Qual é o seu idioma?Francês
71%
Com que país faz fronteira a Oeste?Gana
71%
Qual é a sua religião?Cristianismo
57%
Qual é o seu código ISO?TGO
57%
Com que país faz fronteira a Leste?Benim
43%
Com que oceano faz fronteira a Sul?Atlântico
29%
Qual é a sua moeda?Franco CFA
29%
Qual é a sua capital?Lomé
29%
Qual é o seu ponto mais alto?Monte Agou
14%
Com que país faz fronteira a Norte?Burquina Faso
0%
Qual é o seu prato típico?Koliko
0%
Qual é a sua bebida típica?Sodabi
0%

Distribuição das Pontuações

Percentil de Números Respondidos

Porcentagem de Pessoas com Cada Pontuação

Sua Pontuação Histórica

Você não jogou esse quiz